Slovenská poisťovňa, a.s.

Rozhovor s Dr. M. Trsteným, predsedom Predstavenstva a generálnym riaditeľom Slovenskej poisťovne, a.s., o jej činnosti. Vývoj poisťovacej činnosti za roky 1993-1994. Zábrana škôd a sponzorstvo patria medzi základné činnosti poisťovne.

Salvato in:
Dettagli Bibliografici
Autore principale: Trstený, M.
Natura: Capitolo di libro
Lingua:slovacco
Soggetti:
Tags: Aggiungi Tag
Nessun Tag, puoi essere il primo ad aggiungerne!!

MARC

LEADER 00000naa a2200000 4500
001 r018388
005 20221205102045.3
041 0 |a slo 
044 |a SK 
245 1 0 |a Slovenská poisťovňa, a.s.  |c M. Trstený 
520 |a Rozhovor s Dr. M. Trsteným, predsedom Predstavenstva a generálnym riaditeľom Slovenskej poisťovne, a.s., o jej činnosti. Vývoj poisťovacej činnosti za roky 1993-1994. Zábrana škôd a sponzorstvo patria medzi základné činnosti poisťovne. 
610 2 0 |a Slovensko 
610 2 0 |a poisťovníctvo 
610 2 0 |a poisťovne 
610 2 0 |a poistné 
610 2 0 |a Slovenská poisťovňa, a.s. Bratislava 
610 2 0 |a vývoj hospodársky 
610 2 0 |a štatistika ekonomická 
610 2 0 |a 1993-1995 
100 1 |a Trstený, M.